Meteorologický slovník výkladový a terminologický /

Guardado en:
Detalles Bibliográficos
Otros Autores: Sobíšek, B (Compilador)
Formato: Libro
Lenguaje:lenguas múltiples
Publicado: Praha : Ministerstvo životního prostředí ČR, 1993
Edición:1.vyd.
Etiquetas: Agregar Etiqueta
Sin Etiquetas, Sea el primero en etiquetar este registro!

MARC

LEADER 00000nam a22000003a 4500
001 stu8093
005 20150617225805.8
008 950103s1993----xr------------------mul-d
020 |a 80-85368-45-5 
040 |a STU  |b slo 
041 0 |a mul 
044 |a xr 
080 |a 801.316.4  |7 4969 
080 |a 551.5(038)=854=20=30=40=82 
100 1 |a Sobíšek, B  |4 com 
245 1 |a Meteorologický slovník výkladový a terminologický /  |c Sprac. Sobíšek,B. a kol 
250 |a 1.vyd. 
260 |a Praha :  |b Ministerstvo životního prostředí ČR,  |c 1993 
300 |a 594 s 
996 |b E80059  |c E*80059  |l EE05  |s P  |a 0  |w stu8093_0002 
996 |b 284EK08528  |c E*80062  |l EE01  |s A  |a 24  |w stu8093_0004 
996 |b E80060  |c E*80060  |l EE06  |s P  |a 0  |w stu8093_0005